000 00585nam a2200193Ia 4500
008 191130s2004##################000#0#eng##
020 _a9780521844147
040 _aACL
_cACL
082 _a361.610944 SMI
100 _aSmith, Timothy B
245 _aFrance in crisis : welfare, inequality, and globalization since 1980
_cTimothy B. Smith
260 _aCambridge
_bCambridge University Press
_c2004
300 _axi, 296 p. ; 24 cm
500 _aIncludes index
650 _aSocial Services
990 _a1a72dffeac10000c53bc2236518edd64
991 _a437854
999 _c263737
_d263737